Statistics for Plants vs zombies garden warfare 2 name all characters

Click here to take the quiz!

General Stats

  • This quiz has been taken 143 times
  • The average score is 53 of 120

Answer Stats

Answer% Correct
Peashooter
85%
Citron
80%
Sunflower
80%
Rose
75%
Fire pea
73%
Chomper
71%
Ice pea
70%
Cactus
69%
Imp
69%
Kernel corn
67%
Super brainz
66%
Toxic pea
64%
Plasma pea
63%
Rock pea
62%
Agent pea
61%
Electro pea
60%
Iron citron
60%
Party corn
60%
Party citron
59%
Party rose
59%
All-star
58%
BBQ corn
58%
Law pea
58%
Fire chomper
57%
Scientist
57%
Toxic citron
57%
Fire flower
56%
Fire rose
56%
Frozen citron
56%
Druid rose
53%
S.H.R.Imp
53%
Toxic brainz
53%
Electro brainz
52%
Commando pea
51%
Electro citron
51%
Metal petal
50%
Pops corn
50%
Yeti chomper
50%
Alien flower
49%
Captain deadbeard
49%
Fire cactus
49%
Hot rod chomper
49%
Ice cactus
49%
Party brainz
49%
Stuffy flower
49%
Engineer
48%
Mob cob
48%
Frost rose
47%
Future cactus
47%
Jade cactus
47%
Nec rose
47%
Party imp
47%
Torchwood
47%
Unicorn chomper
47%
Vampire flower
47%
Commando corn
46%
Toxic chomper
46%
Breakfast brainz
45%
Chomp thing
45%
Disco chomper
45%
Power flower
45%
Bandit cactus
44%
Camo cactus
42%
Count chompula
42%
Mystic flower
42%
Power chomper
41%
Zen cactus
41%
Hockey star
40%
Lil drake
39%
Power cactus
38%
Pylon imp
38%
Shadow flower
38%
Centurion
37%
Petrified cactus
37%
Cozmic brainz
36%
Marine biologist
36%
Armor chomper
35%
Dr. toxic
35%
Tennis star
35%
Welder
35%
Captain Cannon
34%
Paleontologist
34%
Computer scientist
33%
Park ranger
33%
scallywagimp
33%
Super commando
33%
Tank commander
33%
AC perry
32%
Astronaut
32%
Cricket star
32%
General supremo
32%
Mechanic
32%
Camo ranger
31%
Electrician
31%
Hover goat-3000
31%
Rugby star
31%
Sky trooper
31%
Zoologist
31%
Captain Flameface
30%
Chemist
30%
Wrestling star
30%
Baseball star
29%
Captain Partyman
28%
Physicist
28%
Plumber
28%
Arctic trooper
27%
Goalie star
27%
Moto-X star
27%
Captain Sharkbite
26%
Golf star
26%
Roadie z
26%
Captain squawk
25%
Landscaper
24%
Sanitation expert
24%
Archaeologist
23%
Painter
23%
Sun pharoh
17%
Foot solider
16%
Scuba solider
10%
27 imp
4%

Score Distribution

Percentile by Number Answered

Percent of People with Each Score

Your Score History

You have not taken this quiz